Statistics for 4-Letter European Geography Chain

Click here to take the quiz!

General Stats

  • This quiz has been taken 975 times
  • The average score is 12 of 24

Answer Stats

ClueAnswer% Correct
Capital of NorwayOslo
98%
Sicilian volcanoEtna
85%
Highest mountain range entirely in EuropeAlps
84%
Man or WightIsle
76%
German name for CologneKöln
76%
French city on the Côte d'AzurNice
76%
Mountainous Europe-Asia borderUral
73%
Walled city in northeastern EnglandYork
71%
Island, in SpanishIsla
68%
Location of the Amphitheatrum FlaviumRome
56%
Hamburg's riverElbe
53%
Biggest Tuscan islandElba
48%
An airport of ParisOrly
43%
Austrian city well-known for its torteLinz
39%
Counties that surround LondonHome
37%
Zurich, in Swiss GermanZüri
34%
Florence's riverArno
30%
River flowing through ZaragozaEbro
29%
City in Northern FinlandOulu
25%
Scottish Gaelic name for ScotlandAlba
20%
Northernmost island of GermanySylt
12%
Luxembourgian city on the AlzetteEsch
11%
Modern capital of MonferratoAsti
8%
City between Moscow and St. PetersburgTver
7%

Score Distribution

Percentile by Number Answered

Percent of People with Each Score

Your Score History

You have not taken this quiz